000 00495nam a2200145 a 4500
008 131001s2011 ||||||||||||||||| || u
020 _a9781444703856
050 _aPR 6111 .E498 S53
100 _aKelly, Erin
245 1 4 _aThe sick Rose
_cby Erin Kelly
260 _aLondon:
_bHodder and Stoughton
_c2011
300 _a342p.
650 _aENGLISH LANGUAGE
995 _FCBU-MAIN LIBRARY (Kitwe)
_M1
_UAVAILABLE
_WOct 31, 2013
_ZFiction Collection
999 _c57443
_d57443